000
00326nam a2200145Ia 4500
008
230312s9999||||xx |||||||||||||| ||und||
020
_a
0873419146
082
_a
646.110
_b
LUK-A
100
_a
Luke:Ronke
245
0
_a
African fabrics
260
_b
Krause
_a
uk
_c
2001
300
_a
143
650
_a
Architecture
942
_c
BK
999
_c
15070
_d
15070